000 00786nam a2200229Ia 4500
001 627
003 GE_BSU
008 181216s||||||||xx |||||||||||||| ||und||
020 _a9992895985
040 _cGE_BSU
080 _a94(430)
100 _aკალანდაძე, მერაბ
245 _aგერმანიის ისტორია,კულტურა,გეოგრაფია
245 _bრედ.კ.ანთაძე
260 _aთბილისი
260 _bთბილისის უნივერსიტეტის გამ–ბა
260 _c2002
300 _a161გვ.
541 _h5ლ.
653 _aგერმანიის ისტორია,კულტურა,გეოგრაფია
942 _cBK
999 _c34816
_d34816